| 000 | 00413nam a2200109Ia 4500 | ||
|---|---|---|---|
| 008 | 160909s9999 xx 000 0 und d | ||
| 100 | _aBlackman, Eldon, | ||
| 245 | 4 | _aThe status of music education in secondary schools in Trinidad and Tobago: Perspectives from educational leadership | |
| 260 |
_bTemple University. _c2016 |
||
| 650 | _aTOURISM | ||
| 856 | _uhttp://pqdtopen.proquest.com/doc/1756662517.html?FMT=ABS | ||
| 999 |
_c304928 _d304928 |
||